=LDR 00000nam 2200000 4500 =001 001132 =005 20250713071555 =035 ##$$a 0010-0725001016 =007 ta =008 250713################a##########0#ind## =020 ##$$a 978-602-244-272-1 =082 ##$$a 398. 209 598 =084 ##$$a 398. 209 598 TYA a =100 1#$$a Tyas widjati =245 1#$$a Abdul dan harimau /$c Tyas widjati =250 ##$$a cetakan pertama =260 ##$$a Jakarta pusat :$b Badan Pengembangan dan Pembinaan Bahasa,$c 2019 =300 ##$$a 48hlm.. : $b Ilus. ; $c 25cm =990 ##$$a TBM202400912